000 00636nam a2200241Ia 4500
003 OSt
005 20221005114712.0
006 a|||||r|||| 00| 0
007 ta
008 221004b |||||||| |||| 00| 0 mal d
024 _a56876
037 _cTextual
040 _aCRL
_cCRL
_bmal
041 _2mal
_amal
082 _aO32,3N07,17, K1
100 _aNair Kammaran Au.
_9626387
245 0 _aBalya kala kathakal
260 _c1959
650 _a MALAYALAM LITERATURE
_938866
650 _aMALAYALAM FICTION
_9183428
942 _hO32,3N07,17, K1
_cTEXL
_2cc
999 _c1032119
_d1032119